000 00490nam a2200169 a 4500
001 000032106
005 20200930063432.0
008 110712s19uu dr 000 p spa d
040 _aDO-SdBNP
_bspa
_cBNPHU
082 _axxxx
_bF385b
100 1 _aFerreras Vásquez, Gendres,
_d1956-
_958225
245 1 0 _aBuscando un nuevo amanecer poético /
_cGendres Ferreras Vásquez.
260 _a[Santo Domingo :
_bs.n.,
_c[19--?].
300 _a[52 p.] ;
_c21 cm.
049 _aBNPD
049 _aBNPD
999 _c31597
_d31597